Protección por protección a pistola / (Record no. 111885)

MARC details
000 -LEADER
campo de control de longitud fija 00626nam a2200193 4500
001 - NÚMERO DE CONTROL
campo de control 111885
003 - IDENTIFICADOR DE NÚMERO DE CONTROL
campo de control ES-MaACL
005 - FECHA Y HORA DE LA ÚLTIMA TRANSACCIÓN
campo de control 20230906185359.0
007 - CAMPO FIJO DE DESCRIPCIÓN FÍSICA--INFORMACIÓN GENERAL
campo de control de longitud fija t|
008 - DATOS DE LONGITUD FIJA--INFORMACIÓN GENERAL
campo de control de longitud fija 061121s1963 sp r ||||1| spa d
100 1# - ENTRADA PRINCIPAL--NOMBRE DE PERSONA
Nombre de persona Orlowski, P.
9 (RLIN) 87290
245 10 - MENCIÓN DEL TÍTULO
Título Protección por protección a pistola /
Mención de responsabilidad, etc. P. Orlowski, J. Canchetier ; versión española por Eduardo Sánchez López.
250 ## - MENCION DE EDICION
Mención de edición 1ª. ed.
260 ## - PUBLICACIÓN, DISTRIBUCIÓN, ETC.
Lugar de publicación, distribución, etc. Barcelona :
Nombre del editor, distribuidor, etc. José Monteso,
Fecha de publicación, distribución, etc. 1963.
300 ## - DESCRIPCIÓN FÍSICA
Extensión 116 p., 4 lám. :
Otras características físicas il. ;
Dimensiones 22 cm.
700 1# - ENTRADA AGREGADA--NOMBRE PERSONAL
Nombre de persona Canchetier, J.
9 (RLIN) 34432
700 1# - ENTRADA AGREGADA--NOMBRE PERSONAL
Nombre de persona Sánchez López, Eduardo.
9 (RLIN) 102728
852 ## - LOCALIZACIÓN
Ubicación ES-MaACL
Número de control de estantería C-24823
Sublocalización o colección R.53510
Holdings
Estatus retirado Estado de pérdida Estado de daño No para préstamo Biblioteca de origen Biblioteca actual Ubicación en estantería Fecha de adquisición Fuente de adquisición Total de préstamos Signatura topográfica completa Código de barras Visto por última vez Precio de reemplazo Tipo de ítem Koha
        Biblioteca del Ateneo de Madrid Biblioteca del Ateneo de Madrid Depósito 2 17/01/2008     C-24823 1116710 23/02/2023 23/02/2023 Libro impreso